| 000 | 00000nam 2200000za 4500 |
| 001 | 9.643738 |
| 003 | CaOODSP |
| 005 | 20240624082225 |
| 007 | cr ||||||||||| |
| 008 | 150407|1994||||xxc|||||o f|0| 0 fre d |
| 040 | |aCaOODSP|bfre |
| 043 | |an-cn--- |
| 086 | 1 |aCP32-60/1994F-PDF |
| 245 | 00|aMission sécurité - Commission d'examen de la Loi sur le Bureau canadien d'enquête sur les accidents de transport et de la sécurité des transports |h[ressource électronique] / |c[publié par le] Commission d'examen de la Loi sur le Bureau canadien d'enquête sur les accidents de transport et de la sécurité des transports ; Louis D. Hyndman, président. |
| 260 | |aOttawa : |bBureau du Conseil privé, |cc1994. |
| 300 | |a153, 130 p. : |bgraphiques |
| 500 | |aPublication historique numérisée en 2010 par le Bureau du Conseil privé du Canada. |
| 590 | |a15-04-Supp|b2015-03-19 |
| 691 | 07|aCommission d'enquête|2gcpds |
| 691 | 07|aSécurité des transports|2gcpds |
| 710 | 1 |aCanada. |bBureau du Conseil privé. |
| 775 | 08|tAdvancing safety - Canadian Transportation Accident Investigation and Safety Board Act Review Commission / |w(CaOODSP)9.699761 |
| 776 | 0#|tMission sécurité |w(CaOODSP)9.679119 |
| 856 | 40|ahttp://publications.gc.ca|qPDF|s9.20 Mo|uhttps://publications.gc.ca/collections/collection_2014/bcp-pco/CP32-60-1994-1-fra.pdf |
| 856 | 40|ahttp://publications.gc.ca|qPDF|s6.88 Mo|uhttps://publications.gc.ca/collections/collection_2014/bcp-pco/CP32-60-1994-2-fra.pdf |